US Naval Aviation Aircraft Codes - Statistics

General Stats
  • This quiz has been taken 385 times
  • The average score is 8 of 14
Answer Stats
Hint Answer % Correct
F Fighter
100%
A Attack
84%
C Cargo
78%
H Helicopter
77%
B Bomber
75%
X Experimental
62%
R Recon
62%
T Trainer
54%
K Tanker
53%
U Utility
44%
Q Drone
38%
O Observation
37%
P Patrol
35%
Y Prototype
35%
No matching quizzes found
Score Distribution
Percent of People with Each Score
Percentile by Number Answered
Your Score History
You have not taken this quiz